000
00353pab a2200169 454500
008
180718b2012 xxu||||| |||| 00| 0 eng d
100
_a
Ensemble, Cybermohalla
245
_a
Eleven streets
260
_c
2012
300
_a
p.37-39.
362
_a
Aug
650
_a
Streets
650
_a
Roads
773
_a
Seminar
908
_a
N
909
_a
97258
999
_c
97258
_d
97258